Страны мира с населением меньше 1 миллиона - Statistics

General Stats
  • This quiz has been taken 10 times
  • The average score is 21 of 38
Answer Stats
Hint Answer % Correct
39500 Лихтенштейн
89%
36400 Монако
89%
800 Ватикан
89%
930000 Фиджи
78%
672000 Люксембург
78%
782000 Бутан
67%
535000 Мальта
67%
281000 Барбадос
67%
184000 Сент Люсия
67%
124000 Гренада
67%
98000 Сейшельские острова
67%
77700 Андорра
67%
47600 Сент Китс и Невис
67%
34700 Сан марино
67%
836000 Коморы
56%
556000 Кабо Верде
56%
521000 Мальдивы
56%
412000 Багамские острова
56%
121000 Кирибати
56%
94000 Антигуа и Барбуда
56%
42000 Маршалловы острова
56%
791000 Гайана
44%
720000 Соломоновы острова
44%
618000 Суринам
44%
449000 Бруней
44%
332000 Вануату
44%
227000 Сан Томе и Принсипи
44%
115000 Микронезия
44%
103000 Сент Винсент и Гренадины
44%
100600 Тонга
44%
11800 Тувалу
44%
10800 Науру
44%
405000 Белиз
33%
222000 Самоа
33%
72000 Доминика
33%
18100 Палау
33%
372000 Исландия
22%
627000 Черногория
11%
No matching quizzes found
Score Distribution
Percent of People with Each Score
Percentile by Number Answered
Your Score History
You have not taken this quiz